=LDR 00000nam 2200000 4500 =001 INLIS000000000012284 =005 20130612103821 =008 ***********************************Ind** =035 ##$$0010-061300000012284 =041 ##$$a Ind =082 ##$$a 658.64 =090 ##$$a 658.64, Yat r =100 ##$$a Yate, Martin J =245 ##$$a Resume yang Membuat K.O., Matin J. Yate ; Alih bahasa Agus M. Hadjana =260 ##$$a 1996 $b Jakarta =300 ##$$a 214 hlm., Ilus, 29 cm =650 ##$$a Manajemen eksikutif =700 ##$$a Harjana, Agus M =850 ##$$a NBPNMAT